QUEST Central Library Banner

Effect of Water Cement Ratio on the Strength of Green Concrete (Record no. 66826)

MARC details
000 -LEADER
fixed length control field 00334nam a22001217a 4500
082 ## - DEWEY DECIMAL CLASSIFICATION NUMBER
Classification number R/4CE17
100 ## - MAIN ENTRY--AUTHOR NAME
Personal name Amir Saleem Khan
-- 17CE52
245 ## - TITLE STATEMENT
Title Effect of Water Cement Ratio on the Strength of Green Concrete
260 ## - PUBLICATION, DISTRIBUTION, ETC. (IMPRINT)
Place of publication Nawabshah:
Name of publisher QUEST,
Year of publication 2020
300 ## - PHYSICAL DESCRIPTION
Number of Pages 35p. ;
700 ## - ADDED ENTRY--PERSONAL NAME
Personal name Department of Civil Engineering
942 ## - ADDED ENTRY ELEMENTS (KOHA)
Koha item type Thesis and Dissertation
Holdings
Withdrawn status Lost status Home library Current library Date acquired Full call number Accession Number Koha item type
    Central Library, QUEST, Nawabshah Research Section 14/01/2021 R/4CE17 CEP/57-737 Thesis and Dissertation

Copyright © 2018,The QUEST, Nawabshah, Shaheed Benazirabad. All rights reserved
Mr. G. Farooq Channar (Librarian) QUEST, Nawabshah, Sindh, Pakistan 67480.
 Ph#: |   0244-9370381-4 Ext. 2308   Email| lib@quest.edu.pk   Web|  http://www.quest.edu.pk